000 00453nam a2200181Ia 4500
001 951
005 20260306140556.0
008 260306t2009||||xx |||||||||||||| ||spa||
041 _aESP
082 _a174.4
_bM41A
100 _aMelé, Domènec
_eAUT
245 0 _aBusiness ethics in action:
_bseeking human excellence organizations
260 _c2009
300 _axix, 419 páginas :
_c
650 _aGEN
654 _aCHU
942 _cLIB
_dJUS
_fJUS
_2ddc
_n
999 _c951
_d951